00505nam a22001577a 4500020001800000040000900018082001700027100002500044245003600069250001600105260004500121650004300166942001200209999001900221952010700240 a9788120321076 cNust a620.112bPOP aEGOR P. Popov913403 aEngineering Mechanics of Solids a2nd Edition aNew Delhi:bPHI Learning Pvt Ltd,c2011. aEngineering Mechanics of Solids956134 2ddccBK c610314d610314 00102ddc4070aCEMEbCEMEcGENd2024-07-11l0o620.112 POPpCEME- 46880r2024-07-11w2024-07-11yBK